2000 1557 1645 1524 1482 1251 1930 1649 1340 1050 1737 1673 1173 1001 1114 1920 1521 1642 1328 1804 1378 1517 1168 1673 1979 1263 1242 1261 1698 1175 1125 1926 1572 1813 1734 1711 1671 1419 1392 1348 1815 1087 1547 1473 1612 1057 1745 1384 1551 1216 1813 1396 1154 1323 1907 1919 1283 1780 1354 1076 1902 1705 1117 1963 1286 1954 1106 1583 1165 1808 1579 1794 1732 1693 1827 1052 1903 1374 1847 1689 1516 1231 1994 1884 1721 1230 1417 1161 1598 1234 1622 1151 1045 1545 1863 1023 1878 1002 1069 BCNSPRNW ULIB Ver.6.0+V

เปลี่ยนเป็นภาษาไทย

Change to English
 แสดงรายละเอียดบรรณานุกรม
  กลับหน้าหลัก

Brief Record : Get Marc (ISO 2709) : E-mail record : QR code < ปิดหน้าต่าง
LEADER : 00000nam 2200000uu 4500
001    13399108408
003     ULIB
008    110303s2552||||th 000 0 tha d
020    9786117183171
060 04 WM105^bธ395ส 2552
100 0  ธวัชชัย กฤษณะประกร
245 10 สมาธิบำบัดทางจิตเวชศาสตร์และสุขภาพจิต =^bMeditationtherapy in psychiatry and mental health /^cธวัชชัย กฤษณะประกรกิจ, สมจิตร์ หร่องบุตรศรี, ผ่องพรรณ กฤษณะประกรกิจ
250    พิมพ์ครั้งที่ 1
260    ขอนแก่น :^bคณะแพทยศาสตร์ มหาวิทยาลัยขอนแก่น,^c2552
300    271 หน้า :^bภาพประกอบ ;^c30 ซม.
536    ทุนส่งเสริมการผลิตตำรา มหาวิทยาลัยขอนแก่น ลำดับที่ 2
650  7 จิตเวชศาสตร์
650  7 สมาธิภาวนา^xการใช้รักษา
650  7 สุขภาพจิต
700 0  สมจิตร์ หร่องบุตรศรี
700 0  ผ่องพรรณ กฤษณะประกรกิจ
710 2  มหาวิทยาลัยขอนแก่น.^bคณะแพทยศาสตร์
945    ^p250^l0^i028136
945    ^p250^l0^i028135
945    ^p250^l0^i028134
945    ^p250^l0^i028137
995    ทศพร
999 ^a ใช้งานได้ทุกระบบ
รายการนี้ยังไม่มีแท็ก
คุณยังไม่ได้ล็อกอิน คุณสามารถมีกิจกรรมร่วมกับเว็บไซต์ได้ แต่ต้องล็อกอินก่อน ::
  ล็อกอิน

รายการสื่อสารสนเทศ

ลำดับที่ ประเภท เลขเรียก/บาร์โค้ด สถานที่ สถานะ
- ไม่พบข้อมูล -

รายการใกล้เคียง
    ผู้แต่ง [ธวัชชัย กฤษณะประกร]

    หัวเรื่อง [จิตเวชศาสตร์]
    หัวเรื่อง [สุขภาพจิต]

BibComment


ยังไม่เคยถูกคอมเมนท์

คอมเมนท์ทรัพยากรรายการนี้
  คอมเมนท์: สมาธิบำบัดทางจิตเ..


 Copyright 2026. Bcnsprnw @Library